000 00856nam a2200241Ia 4500
003 OSt
005 20221005112233.0
006 a|||||r|||| 00| 0
007 ta
008 221004b |||||||| |||| 00| 0 pan d
020 _a8171435084 (hbk)
_c300
024 _a104542
037 _b7830/IV/A, 31/01/2011, Arsee Publishers
_cTextual
040 _aCRL
_cCRL
_bpan
041 _2pan
_apan
082 _aO153,3:g, Q0
100 _aਵਿਨੋਦ, ਟੀ. ਆਰ.
245 0 _aਪੰਜਾਬੀ ਨਾਵਲ
_b ਵਿਹਾਰਕ ਪਰਿਪੇਖ
260 _aਅੰਮ੍ਰਿਤਸਰ
_bਰਵੀ ਸਾਹਿਤ ਪ੍ਰਕਾਨ ਭਾਰਤ
_c2010
300 _a280ਪੰ
_ccm.
942 _hO153,3:g, Q0
_cTEXL
_2cc
999 _c1024286
_d1024286